000 00317nam a2200121Ia 4500
008 220216s9999 xx 000 0 und d
100 _aJose V T
245 0 _aForaging activities of honey bee Apis cerana Indica F
260 _bRubber Board Bulletin
_c2009
300 _a9-Apr
700 _aThankamony S
942 _cBS
999 _c49631
_d49631